Movimiento social media

Guardat en:
Dades bibliogràfiques
Autor principal: Copano Vera, Nicolás (autor)
Format: Llibre
Idioma:espanyol
Publicat: Santiago, Chile. Planeta Chilena S. A, 2013
Edició:1a. ed
Matèries:
Etiquetes: Afegir etiqueta
Sense etiquetes, Sigues el primer a etiquetar aquest registre!

MARC

LEADER 00000cam a2200000 a 4500
001 UCD7070
003 CL-VaPUC
005 20240415154105.0
008 170309e20130000cl |||||||||||||||||spa|d
020 |a 9789563477741 
040 |c Pontificia Universidad Católica de Valparaíso 
082 0 4 |a 302.23 COP 2013  |2 21 
100 |a Copano Vera, Nicolás  |e autor  |9 591025 
245 1 0 |a Movimiento social media 
250 |a 1a. ed 
260 |a Santiago, Chile.  |b Planeta Chilena S. A,  |c 2013 
300 |a 248 páginas 
583 |a last modification  |c 20170309 22:28:00  |k Rodrigo Vera 
650 0 |a Medios de comunicación de masas  |9 257273 
650 0 |a Periodismo digital  |9 533352 
650 0 |a Internet   |9 254823 
650 0 |a Redes sociales   |9 327959 
942 |c BK  |2 ddc 
945 |d 20170309 22:28:00  |a dcastane 
999 |c 367223  |d 367221 
952 |0 0  |1 0  |3 erb  |4 0  |6 302_230000000000000_COP_2013  |7 0  |8 A  |9 481972  |a BIBCUR  |b BIBCUR  |d 2019-10-08  |e 51   |g 19899.00  |i 5363357  |l 3  |o 302.23 COP 2013  |p 5363357  |r 2025-04-22  |s 2023-06-27  |w 2019-11-24  |y BK  |z Catalogado en:20170309  |k PER 
952 |0 0  |1 0  |3 erb  |4 0  |6 302_230000000000000_COP_2013  |7 0  |8 A  |9 481973  |a BIBCUR  |b BIBCUR  |d 2019-10-08  |e 51   |g 19899.00  |i 5563445  |l 5  |m 2  |o 302.23 COP 2013  |p 5563445  |r 2025-04-22  |s 2024-08-29  |w 2019-11-24  |y BK  |z Catalogado en:20191010  |k PER